000 00299nam a22001337a 4500
008 170727b xxu||||| |||| 00| 0 eng d
020 _a1418836230
041 _aeng
080 _a004
100 _a31
101 _aSHK
245 _aMICROSOFT VISUAL BASIC 2005: RELOADED
_cZAK,D
942 _2udc
_cBK
999 _c22007
_d22007